Exposición : Historia de la Fotografía : colección Carlos Durán Torrens : catálogo Historia de la Fotografía :
Descripción Física:
20 p. : il. ; 22 cm
Otros Autores:
Durán Torrens, Carlos
MARC
| LEADER | 00000nam a2200000Ia 4500 | ||
|---|---|---|---|
| 001 | 17696 | ||
| 008 | 160829s1974 xx 000 0 cat d | ||
| 080 | |a FU-15-16 | ||
| 245 | |a Exposición : |b Historia de la Fotografía : |b colección Carlos Durán Torrens : |b catálogo | ||
| 260 | |a Tarrasa : |b Diputación Provincial de Barcelona : |b Museo Provincial Textil, |c 1974 | ||
| 300 | |a 20 p. : |b il. ; |c 22 cm | ||
| 590 | |a Exposició patrocinada per l'Ayuntamiento de Tarrasa i el catàleg per la Caja de Ahorros de Tarrasa | ||
| 650 | |a Fotografia |x Exposicions |9 28960 | ||
| 650 | |a Fotografia |x Aparells i accessoris |x Exposicions |9 28961 | ||
| 700 | |a Durán Torrens, Carlos |9 28962 | ||
| 710 | 1 | |a Barcelona (Catalunya : Província). |b Diputació |9 52408 | |
| 710 | 2 | |a Museu Tèxtil de Terrassa |9 54997 | |
| 901 | |a Arxiu | ||
| 942 | |n 1 | ||
| 952 | |0 0 |1 0 |4 0 |6 FU1516 |7 1 |9 44989 |a Arxiu |b Arxiu |d 2016-12-01 |l 0 |o FU-15-16 |p 17696 |r 2016-12-01 00:00:00 |w 2016-12-01 |y ARXIU | ||
| 999 | |c 47592 |d 47592 | ||